<?xml version="1.0" encoding="UTF-8"?>
<collection xmlns="http://www.loc.gov/MARC21/slim">
 <record>
  <leader>00389pamaa2200133   4500</leader>
  <controlfield tag="001">0000023786</controlfield>
  <controlfield tag="005">20070402090000.0</controlfield>
  <datafield tag="020" ind1="0" ind2="0">
   <subfield code="a">9971655284 </subfield>
  </datafield>
  <datafield tag="090" ind1="0" ind2="0">
   <subfield code="a">DS598.S75 </subfield>
   <subfield code="b">FLO 1984</subfield>
  </datafield>
  <datafield tag="100" ind1="1" ind2="0">
   <subfield code="a">FLOWER </subfield>
  </datafield>
  <datafield tag="245" ind1="1" ind2="0">
   <subfield code="a">Raffles : </subfield>
   <subfield code="b">the story of Singapore  </subfield>
   <subfield code="c">Raymond Flower.</subfield>
  </datafield>
  <datafield tag="260" ind1="0" ind2="0">
   <subfield code="a">Singapore: </subfield>
   <subfield code="b">Times Books International, </subfield>
   <subfield code="c">1984.</subfield>
  </datafield>
  <datafield tag="300" ind1=" " ind2=" ">
   <subfield code="a">ix, 373p.: </subfield>
   <subfield code="b">ill. col.; </subfield>
   <subfield code="c">30cm.</subfield>
  </datafield>
  <datafield tag="650" ind1="0" ind2="0">
   <subfield code="a">Singapore -- </subfield>
   <subfield code="x">History </subfield>
  </datafield>
 </record>
</collection>
